000 00527nam a22001697a 4500
003 OSt
005 20260115155222.0
008 260115b |||||||| |||| 00| 0 eng d
040 _cMRSPTU
041 _aEnglish
100 _aRajpreet Kaur, Supervisor: Dr. Paramjeet Singh
245 _aMigrated Encrypted Data in Cloud Using Data Slicing Approach
260 _bDepartment of CSE, MRSPTU, Bathinda
_c2018
650 _aComputer Science
856 _uhttp://163.47.215.52:8080/jspui/handle/123456789/209
942 _2ddc
_cTH
_n0
999 _c10662
_d10662